[Event "Titled Tuesday intern op 19th Jul Late"]
[Site "Chess.com INT"]
[Date "2022.07.19"]
[Round "5"]
[White "Fraczek, Daniel"]
[Black "Popilski, Gil"]
[Result "0-1"]
[WhiteElo "2402"]
[BlackElo "2458"]
[PlyCount "78"]
[EventDate "2022.07.19"]
[EventType "swiss (blitz)"]
[EventRounds "11"]
[EventCountry "USA"]
[SourceTitle "EXT 2023"]
[Source "ChessBase"]
[SourceDate "2022.10.05"]
[SourceVersion "1"]
[SourceVersionDate "2022.10.05"]
[SourceQuality "1"]

1. Nf3 d5 2. c4 e6 3. e3 Nf6 4. Nc3 Be7 5. b3 0-0 6. Bb2 c5 7. cxd5 Nxd5 8. Nxd5 exd5 9. Be2 Nc6 10. 0-0 d4 11. exd4 cxd4 12. Bb5 Bf6 13. Bxc6 bxc6 14. d3 Bg4 15. h3 Bh5 16. Rc1 Qd6 17. g4 Bg6 18. Qd2 Rfe8 19. Rfe1 h6 20. Kg2 Qd5 21. Qf4 Bg5 22. Qxd4 Qxd4 23. Nxd4 Bxc1 24. Rxc1 Bxd3 25. f3 Rac8 26. Rc5 Re1 27. Kf2 Rce8 28. Bc3 Rf1+ 29. Kg3 Rc1 30. Nxc6 Kh7 31. b4 a6 32. h4 Re2 33. h5 Rxa2 34. Ne5 Rac2 35. Bd4 Rxc5 36. Bxc5 Bc4 37. Kf4 Bd5 38. Bf8 Rc3 39. Bd6 f6 0-1

[Event "Titled Tuesday intern op 19th Jul Late"]
[Site "Chess.com INT"]
[Date "2022.07.19"]
[Round "8"]
[White "Janaszak, Dawid"]
[Black "Fraczek, Daniel"]
[Result "1/2-1/2"]
[WhiteElo "2331"]
[BlackElo "2402"]
[PlyCount "76"]
[EventDate "2022.07.19"]
[EventType "swiss (blitz)"]
[EventRounds "11"]
[EventCountry "USA"]
[SourceTitle "EXT 2023"]
[Source "ChessBase"]
[SourceDate "2022.10.05"]
[SourceVersion "1"]
[SourceVersionDate "2022.10.05"]
[SourceQuality "1"]

1. e4 c5 2. Nc3 g6 3. Bc4 Bg7 4. h4 h5 5. Qf3 e6 6. d4 cxd4 7. Nb5 d6 8. Bf4 Be5 9. Bxe5 dxe5 10. Qa3 Ne7 11. Nd6+ Kf8 12. Nf3 Nbc6 13. Ng5 Qa5+ 14. Qxa5 Nxa5 15. Ndxf7 Nxc4 16. Nxh8 Nd6 17. f4 exf4 18. e5 Ndf5 19. Nhf7 Bd7 20. 0-0 Nd5 21. Nd6 Nxd6 22. exd6 Kg7 23. Rae1 Re8 24. Nf3 Ne3 25. Rf2 e5 26. c3 d3 27. Ng5 Bc6 28. g3 Ng4 29. Rd2 e4 30. gxf4 Kf6 31. d7 Rd8 32. Nxe4+ Kf5 33. Nd6+ Kxf4 34. Rxd3 Rxd7 35. Rf1+ Ke5 36. Re1+ Kf4 37. Rf1+ Ke5 38. Re1+ Kf4 1/2-1/2

[Event "Titled Tuesday intern op 19th Jul Late"]
[Site "Chess.com INT"]
[Date "2022.07.19"]
[Round "9"]
[White "Sanchez Alvares, Kelvin Antonio"]
[Black "Fraczek, Daniel"]
[Result "0-1"]
[WhiteElo "2215"]
[BlackElo "2402"]
[PlyCount "52"]
[EventDate "2022.07.19"]
[EventType "swiss (blitz)"]
[EventRounds "11"]
[EventCountry "USA"]
[SourceTitle "EXT 2023"]
[Source "ChessBase"]
[SourceDate "2022.10.05"]
[SourceVersion "1"]
[SourceVersionDate "2022.10.05"]
[SourceQuality "1"]

1. d4 c5 2. d5 g6 3. c4 Bg7 4. Nf3 d6 5. g3 e6 6. Bg2 exd5 7. cxd5 Nf6 8. 0-0 0-0 9. Nc3 Re8 10. Nd2 a6 11. a4 Nbd7 12. Nc4 Ne5 13. Na3 Bd7 14. f4 Neg4 15. e4 b5 16. h3 b4 17. hxg4 bxc3 18. e5 dxe5 19. fxe5 Nxg4 20. e6 Bd4+ 21. Kh1 fxe6 22. Qxg4 cxb2 23. Bxb2 Bxb2 24. Rae1 exd5 25. Bxd5+ Kh8 26. Qc4 Qg5 0-1

[Event "Lazy Baltic Pearl op 11th"]
[Site "Lazy"]
[Date "2015.07.07"]
[Round "9"]
[White "Rudolf, Michal"]
[Black "Fraczek, Daniel"]
[Result "0-1"]
[WhiteElo "2322"]
[BlackElo "2411"]
[PlyCount "112"]
[EventDate "2015.06.28"]
[EventType "swiss"]
[EventRounds "9"]
[EventCountry "POL"]
[SourceTitle "CBM 167 Extra"]
[Source "ChessBase"]
[SourceDate "2015.09.14"]
[SourceVersion "1"]
[SourceVersionDate "2015.09.14"]
[SourceQuality "1"]

1. d4 e6 2. c4 c5 3. d5 exd5 4. cxd5 d6 5. Nc3 g6 6. e4 Bg7 7. Bd3 a6 8. a4 Ne7 9. Nge2 0-0 10. 0-0 Nd7 11. Bg5 h6 12. Bh4 g5 13. Bg3 Ne5 14. f4 gxf4 15. Nxf4 N7g6 16. Qd2 Qg5 17. Rad1 Bd7 18. Be2 Nxf4 19. Bxf4 Qg6 20. Rde1 Rab8 21. a5 b6 22. Bxa6 b5 23. b3 b4 24. Nd1 Ra8 25. Bd3 Rxa5 26. Re3 Nxd3 27. Rxd3 Bd4+ 28. Rxd4 cxd4 29. Qxb4 Ra2 30. Nf2 Rc8 31. Qxd4 Rcc2 32. Bg3 Bb5 33. Re1 Qg5 34. Qd1 Be2 35. Qd4 Bb5 36. Qd1 Be2 37. Qd4 Rc1 38. Nh3 Rxe1+ 39. Bxe1 Qc1 40. Qc3 Qxc3 41. Bxc3 Rc2 42. Bb4 Bd3 43. Bxd6 Bxe4 44. Nf4 Rd2 45. b4 Bxd5 46. Nxd5 Rxd5 47. Bc5 f5 48. Kf2 Kf7 49. Kf3 h5 50. h3 Kg6 51. g4 Rd3+ 52. Kf4 fxg4 53. hxg4 h4 54. Bg1 Rb3 55. Bf2 h3 56. Bg1 Rb2 0-1

[Event "Lazy Baltic Pearl op 11th"]
[Site "Lazy"]
[Date "2015.07.06"]
[Round "8"]
[White "Fraczek, Daniel"]
[Black "Lewtak, Damian"]
[Result "1/2-1/2"]
[WhiteElo "2411"]
[BlackElo "2325"]
[PlyCount "34"]
[EventDate "2015.06.28"]
[EventType "swiss"]
[EventRounds "9"]
[EventCountry "POL"]
[SourceTitle "CBM 167 Extra"]
[Source "ChessBase"]
[SourceDate "2015.09.14"]
[SourceVersion "1"]
[SourceVersionDate "2015.09.14"]
[SourceQuality "1"]

1. d4 d5 2. c4 c6 3. Nf3 Nf6 4. Nc3 dxc4 5. a4 Bf5 6. e3 e6 7. Bxc4 Bb4 8. 0-0 Nbd7 9. Qe2 Ne4 10. Nxe4 Bxe4 11. Rd1 0-0 12. Bd3 Bxd3 13. Qxd3 Qe7 14. Bd2 Bxd2 15. Rxd2 Rfd8 16. Qb3 Rab8 17. h3 h6 1/2-1/2

[Event "Lazy Baltic Pearl op 11th"]
[Site "Lazy"]
[Date "2015.07.01"]
[Round "4"]
[White "Fraczek, Daniel"]
[Black "Kubicka, Anna"]
[Result "1/2-1/2"]
[WhiteElo "2411"]
[BlackElo "2014"]
[PlyCount "98"]
[EventDate "2015.06.28"]
[EventType "swiss"]
[EventRounds "9"]
[EventCountry "POL"]
[SourceTitle "CBM 167 Extra"]
[Source "ChessBase"]
[SourceDate "2015.09.14"]
[SourceVersion "1"]
[SourceVersionDate "2015.09.14"]
[SourceQuality "1"]

1. g3 Nf6 2. Bg2 d6 3. d4 Nbd7 4. Nf3 e5 5. c4 Be7 6. Nc3 c6 7. e4 0-0 8. 0-0 a6 9. h3 Re8 10. Re1 Bf8 11. d5 c5 12. a3 g6 13. Bg5 Bg7 14. b4 Qc7 15. Nd2 Rf8 16. Bf1 b6 17. Nb3 Rb8 18. Rb1 Kh8 19. bxc5 bxc5 20. Bd2 Ng8 21. Na4 f5 22. Ba5 Qa7 23. Nd2 Rxb1 24. Qxb1 Bh6 25. exf5 gxf5 26. Qb2 Bg7 27. Bc3 Ngf6 28. Kh2 Qc7 29. Bg2 Qd8 30. f4 Re8 31. fxe5 Nxe5 32. Bxe5 Rxe5 33. Rxe5 Nd7 34. Nf3 dxe5 35. Qf2 Qa5 36. Ng5 f4 37. Qc2 fxg3+ 38. Kxg3 Nf6 39. Kh2 Qc7 40. Ne4 Nxe4 41. Qxe4 Bh6 42. Nb2 Bf4+ 43. Kg1 Qb8 44. Nd3 Qb1+ 45. Kf2 Qc2+ 46. Kf1 Qb1+ 47. Kf2 Qc2+ 48. Kf1 Qb1+ 49. Ke2 Qc2+ 1/2-1/2

[Event "POL-chT1"]
[Site "Poronin"]
[Date "2014.09.07"]
[Round "9.2"]
[White "Fraczek, Daniel"]
[Black "Malik, Jan"]
[Result "1-0"]
[WhiteElo "2421"]
[BlackElo "2253"]
[PlyCount "167"]
[EventDate "2014.08.31"]
[EventType "team-tourn"]
[EventRounds "9"]
[EventCountry "POL"]
[SourceTitle "CBM 162 Extra"]
[Source "ChessBase"]
[SourceDate "2014.10.17"]
[SourceVersion "1"]
[SourceVersionDate "2014.10.17"]
[SourceQuality "1"]
[WhiteTeam "Legnica Miedz"]
[BlackTeam "Ostroda Impact"]
[WhiteTeamCountry "POL"]
[BlackTeamCountry "POL"]

1. d4 d5 2. Nf3 Nf6 3. c4 c6 4. Nc3 e6 5. Bg5 Nbd7 6. e3 Qa5 7. cxd5 exd5 8. Bd3 Ne4 9. 0-0 Nxg5 10. Nxg5 Qd8 11. Nf3 Be7 12. Qc2 g6 13. Rab1 a5 14. a3 0-0 15. b4 Bd6 16. b5 Nf6 17. bxc6 bxc6 18. Na4 Qc7 19. Nb6 Rb8 20. Nxc8 Rfxc8 21. a4 Rxb1 22. Rxb1 Bb4 23. g3 Kg7 24. Kg2 Nd7 25. Qa2 Qd6 26. Rc1 Rc7 27. Bf1 Nf6 28. Bd3 Nd7 29. Qa1 Kg8 30. Rc2 Kg7 31. h4 Qf6 32. Qd1 Qd6 33. Ng5 Nf6 34. Nh3 c5 35. dxc5 Rxc5 36. Rxc5 Bxc5 37. Ng5 h6 38. Nf3 d4 39. exd4 Bxd4 40. Bxg6 Bc5 41. Qxd6 Bxd6 42. Bc2 Bc5 43. Ne5 Ne8 44. Nd3 Bd4 45. Nf4 Kf6 46. Kf3 Nd6 47. Nd5+ Kg7 48. Bd3 Kf8 49. Ke2 Kg7 50. Nf4 Kf8 51. Nh5 Ke7 52. g4 f6 53. Bc2 Kf7 54. Bb3+ Ke7 55. Ng3 Ba7 56. f4 Bd4 57. Kf3 Bb2 58. Ne2 Kf8 59. Ke3 h5 60. gxh5 Kg7 61. Bd1 Kh6 62. Ng3 Bc3 63. Kf3 Be1 64. Bc2 Bc3 65. Bg6 Be1 66. Kg4 Bb4 67. Ne2 Bc5 68. Nc3 Bd4 69. Nd5 Kg7 70. f5 Kh6 71. Kf3 Kg7 72. Ne3 Be5 73. Ng4 Bb2 74. h6+ Kf8 75. Ke3 Ba1 76. Kd3 Bb2 77. h7 Kg7 78. h5 Ba1 79. Ne3 Bb2 80. Nc2 Nb7 81. Kc4 Be5 82. Kd5 Bc3 83. Kc6 Nd8+ 84. Kc7 1-0

[Event "POL-chT1"]
[Site "Poronin"]
[Date "2014.09.03"]
[Round "4.4"]
[White "Fraczek, Daniel"]
[Black "Piesik, Piotr"]
[Result "1/2-1/2"]
[WhiteElo "2421"]
[BlackElo "2231"]
[PlyCount "58"]
[EventDate "2014.08.31"]
[EventType "team-tourn"]
[EventRounds "9"]
[EventCountry "POL"]
[SourceTitle "CBM 162 Extra"]
[Source "ChessBase"]
[SourceDate "2014.10.17"]
[SourceVersion "1"]
[SourceVersionDate "2014.10.17"]
[SourceQuality "1"]
[WhiteTeam "Legnica Miedz"]
[BlackTeam "Czestochowa Hetman"]
[WhiteTeamCountry "POL"]
[BlackTeamCountry "POL"]

1. Nf3 Nf6 2. c4 g6 3. Nc3 d5 4. cxd5 Nxd5 5. d3 Bg7 6. Bd2 0-0 7. g3 Nc6 8. Bg2 Nb6 9. 0-0 Nd4 10. Nxd4 Bxd4 11. Bh6 Re8 12. Qd2 c6 13. Rac1 a5 14. h3 Be6 15. Kh2 Qd6 16. a3 f5 17. e4 Red8 18. Rfe1 Nd7 19. exf5 Bxf5 20. Ne4 Bxe4 21. dxe4 Ne5 22. Rf1 Nf7 23. Be3 e5 24. Bxd4 Qxd4 25. Qc2 Qd3 26. Qc5 Qd4 27. Qc2 Qd3 28. Qc5 Qd4 29. Qc2 Qd3 1/2-1/2

[Event "POL-chT1"]
[Site "Poronin"]
[Date "2014.09.01"]
[Round "3.3"]
[White "Tomczak, Jacek"]
[Black "Fraczek, Daniel"]
[Result "1-0"]
[WhiteElo "2551"]
[BlackElo "2421"]
[PlyCount "93"]
[EventDate "2014.08.31"]
[EventType "team-tourn"]
[EventRounds "9"]
[EventCountry "POL"]
[SourceTitle "CBM 162 Extra"]
[Source "ChessBase"]
[SourceDate "2014.10.17"]
[SourceVersion "1"]
[SourceVersionDate "2014.10.17"]
[SourceQuality "1"]
[WhiteTeam "Gliwice Akademia Szachowa II"]
[BlackTeam "Legnica Miedz"]
[WhiteTeamCountry "POL"]
[BlackTeamCountry "POL"]

1. e4 e6 2. d4 d5 3. Nc3 Bb4 4. e5 c5 5. a3 Bxc3+ 6. bxc3 Qa5 7. Bd2 Qa4 8. Rb1 c4 9. h4 Nc6 10. h5 Qxa3 11. Qg4 Qf8 12. Rh3 f5 13. Qh4 h6 14. Ne2 Qe7 15. Qg3 Qf7 16. Nf4 Nge7 17. Bc1 b6 18. Ba3 Bd7 19. Qf3 Rg8 20. Be2 0-0-0 21. Kd2 Kb7 22. Rhh1 Ka8 23. Qe3 Rb8 24. f3 Rb7 25. g4 Bc8 26. Rhg1 fxg4 27. fxg4 Qe8 28. Rbf1 Qd8 29. Rf3 b5 30. Bc5 Qa5 31. Ng2 Qa2 32. Rgf1 Qb2 33. Rf8 Rxf8 34. Rxf8 a5 35. Nf4 b4 36. Ng6 b3 37. Bd1 Nxg6 38. Rxc8+ Nb8 39. hxg6 Qa2 40. Qf3 b2 41. Rxb8+ Kxb8 42. Qf8+ Kc7 43. Qe7+ Kc8 44. Qe8+ Kc7 45. Qe7+ Kc8 46. Qxe6+ Rd7 47. Qc6+ 1-0

[Event "POL-chT 69th"]
[Site "Poland"]
[Date "2013.08.31"]
[Round "5.3"]
[White "Fraczek, Daniel"]
[Black "Janczarski, Michal"]
[Result "1/2-1/2"]
[WhiteElo "2418"]
[BlackElo "2346"]
[PlyCount "82"]
[EventDate "2013.05.24"]
[EventType "team-tourn"]
[EventRounds "9"]
[EventCountry "POL"]
[SourceTitle "EXT 2014"]
[Source "ChessBase"]
[SourceDate "2013.11.20"]
[SourceVersion "1"]
[SourceVersionDate "2013.11.20"]
[SourceQuality "1"]
[WhiteTeam "Legnica Miedz"]
[BlackTeam "Krakow TKKF Drogowiec"]
[WhiteTeamCountry "POL"]
[BlackTeamCountry "POL"]

1. c4 Nf6 2. Nc3 e5 3. g3 Nc6 4. Bg2 d6 5. d3 g6 6. e4 Bg7 7. Nge2 0-0 8. 0-0 Nh5 9. Be3 Be6 10. h3 f5 11. exf5 gxf5 12. f4 Qd7 13. Kh2 Rae8 14. Qd2 Nd4 15. Rae1 c5 16. Bf2 Nf6 17. Ng1 Kh8 18. b4 e4 19. Nce2 Nxe2 20. Nxe2 exd3 21. Qxd3 Qf7 22. Rc1 Ne4 23. Be3 Rc8 24. Rfd1 cxb4 25. Bxe4 fxe4 26. Qxd6 Bxh3 27. Ng1 Rc6 28. Qd5 Be6 29. Qg5 Bf5 30. g4 Bc8 31. f5 Rxc4 32. Ne2 Rxc1 33. Nxc1 Qc7+ 34. Kh3 Bd7 35. Ne2 Ba4 36. Rd2 Bf6 37. Bd4 Bxd4 38. Nxd4 Qc3+ 39. Kh4 Qa1 40. Ne6 Rg8 41. Rd8 Qh1+ 1/2-1/2

[Event "Dresden ZMD op 22nd"]
[Site "Dresden"]
[Date "2013.08.10"]
[Round "1"]
[White "Sturm, Timo"]
[Black "Fraczek, Daniel"]
[Result "0-1"]
[WhiteElo "2030"]
[BlackElo "2422"]
[PlyCount "68"]
[EventDate "2013.08.10"]
[EventType "swiss"]
[EventRounds "9"]
[EventCountry "GER"]
[SourceTitle "CBM 155 Extra"]
[Source "ChessBase"]
[SourceDate "2013.08.26"]
[SourceVersion "1"]
[SourceVersionDate "2013.08.26"]
[SourceQuality "1"]

1. d4 g6 2. c4 Bg7 3. Nc3 c5 4. Nf3 cxd4 5. Nxd4 Nc6 6. Nc2 Bxc3+ 7. bxc3 Qa5 8. Bb2 Nf6 9. Nd4 Nxd4 10. Qxd4 d6 11. e4 Be6 12. Bd3 Rc8 13. Bc1 0-0 14. Be3 Ng4 15. 0-0 Nxe3 16. fxe3 b6 17. Rfb1 Rc5 18. Rb5 Qa3 19. h4 Rfc8 20. Rb4 Qa6 21. h5 Qb7 22. hxg6 hxg6 23. Kf2 Rh5 24. a4 Rcc5 25. Be2 Rhe5 26. Bd3 Qc7 27. Rh1 f6 28. Rh4 Rh5 29. Rxh5 Rxh5 30. Be2 Ra5 31. g3 Kg7 32. Bd3 Qc8 33. Bc2 Qh8 34. Bd1 Qh2+ 0-1

[Event "Legnica Voivoda Cup 28th"]
[Site "Legnica"]
[Date "2012.11.26"]
[Round "6"]
[White "Mista, Aleksander"]
[Black "Fraczek, Daniel"]
[Result "1-0"]
[WhiteElo "2562"]
[BlackElo "2423"]
[PlyCount "77"]
[EventDate "2012.11.22"]
[EventType "tourn"]
[EventRounds "9"]
[EventCountry "POL"]
[EventCategory "9"]
[SourceTitle "CBM 151 Extra"]
[Source "ChessBase"]
[SourceDate "2012.12.18"]
[SourceVersion "1"]
[SourceVersionDate "2012.12.18"]
[SourceQuality "1"]

1. e4 c5 2. Nf3 Nc6 3. d4 cxd4 4. Nxd4 g6 5. Nc3 Bg7 6. Be3 Nf6 7. Bc4 0-0 8. Bb3 a6 9. f3 Ne5 10. Qe2 b5 11. a4 bxa4 12. Rxa4 a5 13. Nd5 Ba6 14. Qd2 Nxd5 15. exd5 Qc8 16. Bh6 Bxh6 17. Qxh6 f6 18. Kf2 Bc4 19. Bxc4 Nxc4 20. Nc6 dxc6 21. Rxc4 Qa6 22. Rxc6 Qb5 23. Re1 Rfe8 24. c4 Qxb2+ 25. Kg3 Qb4 26. Rce6 Ra6 27. Qf4 g5 28. Qc7 Rxe6 29. Rxe6 Qd2 30. Re4 f5 31. Qd7 Rf8 32. Rxe7 Qf4+ 33. Kf2 Qd2+ 34. Re2 Qd4+ 35. Kf1 Qxc4 36. Qe6+ Kg7 37. Qe7+ Kg8 38. Qxg5+ Kh8 39. Qe7 1-0

[Event "Legnica Voivoda Cup 28th"]
[Site "Legnica"]
[Date "2012.11.22"]
[Round "1"]
[White "Fraczek, Daniel"]
[Black "Sieciechowicz, Marcin"]
[Result "1/2-1/2"]
[WhiteElo "2423"]
[BlackElo "2443"]
[PlyCount "54"]
[EventDate "2012.11.22"]
[EventType "tourn"]
[EventRounds "9"]
[EventCountry "POL"]
[EventCategory "9"]
[SourceTitle "CBM 151 Extra"]
[Source "ChessBase"]
[SourceDate "2012.12.18"]
[SourceVersion "1"]
[SourceVersionDate "2012.12.18"]
[SourceQuality "1"]

1. c4 c6 2. Nc3 d5 3. d4 Nf6 4. Nf3 dxc4 5. a4 Bf5 6. Ne5 e6 7. f3 Bb4 8. e4 Bxe4 9. fxe4 Nxe4 10. Bd2 Qxd4 11. Nxe4 Qxe4+ 12. Qe2 Bxd2+ 13. Kxd2 Qd5+ 14. Kc2 Na6 15. Nxc4 b5 16. axb5 Nb4+ 17. Kc3 cxb5 18. Nb6 Qc5+ 19. Kb3 Nc6 20. Qxb5 Qe3+ 21. Kc2 Qf2+ 22. Kc3 Qd4+ 23. Kc2 Qf2+ 24. Kb1 Qe1+ 25. Kc2 Qf2+ 26. Kb3 Qe3+ 27. Kc2 Qf2+ 1/2-1/2

[Event "POL-chT 1st League"]
[Site "Poronin"]
[Date "2012.09.??"]
[Round "3"]
[White "Dudzinski, Pawel"]
[Black "Fraczek, Daniel"]
[Result "1/2-1/2"]
[WhiteElo "2302"]
[BlackElo "2419"]
[PlyCount "85"]
[EventDate "2012.09.01"]
[EventType "team-tourn"]
[EventRounds "9"]
[EventCountry "POL"]
[SourceTitle "EXT 2013"]
[Source "ChessBase"]
[SourceDate "2012.11.22"]
[SourceVersion "1"]
[SourceVersionDate "2012.11.22"]
[SourceQuality "1"]
[WhiteTeam "Ostrow Wielkopolski"]
[BlackTeam "Legnica Miedz"]
[WhiteTeamCountry "POL"]
[BlackTeamCountry "POL"]

1. f4 d5 2. Nf3 g6 3. g3 c6 4. Bg2 Qb6 5. c3 Bg7 6. Qb3 Nd7 7. Qxb6 axb6 8. d4 Nh6 9. Ng5 Nf6 10. e4 Nxe4 11. Nxe4 dxe4 12. Bxe4 Be6 13. a3 Nf5 14. Kf2 b5 15. Bxf5 Bxf5 16. Be3 h5 17. h4 f6 18. Nd2 0-0 19. Rhe1 Rf7 20. Nf3 Be4 21. Rad1 Bd5 22. Bc1 Re8 23. Re2 e6 24. Rde1 Bf8 25. Bd2 b6 26. Rg1 Rh7 27. Be3 Ra7 28. Ree1 Kf7 29. g4 hxg4 30. Rxg4 Bxf3 31. Kxf3 f5 32. Rg2 Be7 33. Reg1 Bxh4 34. Rxg6 Bf6 35. d5 c5 36. Rh6 Rh8 37. Rxh8 Bxh8 38. dxe6+ Kxe6 39. Rg8 Bf6 40. Rb8 Ra6 41. Ke2 Be7 42. Rb7 Bd6 43. Kf3 1/2-1/2

[Event "POL-chT 1st League"]
[Site "Poronin"]
[Date "2012.09.??"]
[Round "1"]
[White "Jarmula, Lukasz"]
[Black "Fraczek, Daniel"]
[Result "0-1"]
[WhiteElo "2154"]
[BlackElo "2419"]
[PlyCount "152"]
[EventDate "2012.09.01"]
[EventType "team-tourn"]
[EventRounds "9"]
[EventCountry "POL"]
[SourceTitle "EXT 2013"]
[Source "ChessBase"]
[SourceDate "2012.11.22"]
[SourceVersion "1"]
[SourceVersionDate "2012.11.22"]
[SourceQuality "1"]
[WhiteTeam "Warszawa Polonia"]
[BlackTeam "Legnica Miedz"]
[WhiteTeamCountry "POL"]
[BlackTeamCountry "POL"]

1. d4 Nf6 2. c4 g6 3. Nc3 Bg7 4. e4 d6 5. Be2 0-0 6. Bg5 c6 7. Qd2 a6 8. Rd1 b5 9. a3 bxc4 10. Bxc4 Nxe4 11. Nxe4 d5 12. Bd3 dxe4 13. Bxe4 Be6 14. Nf3 Bd5 15. Bxd5 cxd5 16. Rc1 Re8 17. 0-0 Nd7 18. Rc6 Qb8 19. Bf4 Qb3 20. Qc3 Qxc3 21. Rxc3 Rec8 22. Rfc1 Nb6 23. b3 Rxc3 24. Rxc3 Rc8 25. Rxc8+ Nxc8 26. Bd2 Kf8 27. Kf1 Ke8 28. Bb4 Kd7 29. Ke2 Na7 30. Bc5 Nc6 31. b4 f6 32. a4 Bh6 33. Kd3 Bf4 34. Kc3 e6 35. g3 Bh6 36. Nd2 Bxd2+ 37. Kxd2 e5 38. f4 e4 39. Kc3 f5 40. Bb6 Ne7 41. Kd2 Ng8 42. Ke2 Nf6 43. Bc5 Ng4 44. h3 Nh2 45. Bb6 Kc6 46. Ba7 Nf3 47. h4 Nh2 48. Bc5 Ng4 49. Be7 Kd7 50. Bc5 Kc7 51. Be7 Kc6 52. Bd8 Kd7 53. Bb6 Nf6 54. Bc5 Kc6 55. Be7 Ng4 56. Bf8 e3 57. Bc5 Nf2 58. Kxe3 Nd1+ 59. Kf3 Nc3 60. b5+ axb5 61. axb5+ Kxb5 62. g4 h5 63. gxh5 gxh5 64. Ke3 Kc4 65. Be7 Nb5 66. Bf6 Kc3 67. Be7 Kc2 68. Bc5 Nc3 69. Bf8 Na2 70. Ba3 Kc3 71. Bc5 Nb4 72. Bb6 Nc2+ 73. Ke2 Nxd4+ 74. Ke3 Nb3 75. Bd8 d4+ 76. Ke2 Kc2 0-1

[Event "POL-chT 1st League"]
[Site "Poronin"]
[Date "2012.09.??"]
[Round "5"]
[White "Jaroch, Karol"]
[Black "Fraczek, Daniel"]
[Result "0-1"]
[WhiteElo "2238"]
[BlackElo "2419"]
[PlyCount "58"]
[EventDate "2012.09.01"]
[EventType "team-tourn"]
[EventRounds "9"]
[EventCountry "POL"]
[SourceTitle "EXT 2013"]
[Source "ChessBase"]
[SourceDate "2012.11.22"]
[SourceVersion "1"]
[SourceVersionDate "2012.11.22"]
[SourceQuality "1"]
[WhiteTeam "Pawlowice GKS Pniowek 74"]
[BlackTeam "Legnica Miedz"]
[WhiteTeamCountry "POL"]
[BlackTeamCountry "POL"]

1. e4 c5 2. Nf3 g6 3. d4 Bg7 4. Nc3 cxd4 5. Nxd4 Nc6 6. Be3 Nf6 7. Be2 0-0 8. Nb3 a6 9. 0-0 b5 10. a4 Rb8 11. axb5 axb5 12. Bf4 b4 13. Nd5 d6 14. Nxf6+ Bxf6 15. Rb1 Bb7 16. Qd2 Ra8 17. c3 bxc3 18. bxc3 Qc8 19. Rfc1 Ne5 20. f3 Nc4 21. Bxc4 Qxc4 22. Bg5 Bxg5 23. Qxg5 f6 24. Qe3 Ra2 25. Nd2 Qa6 26. Rb6 Qa7 27. c4 Rxd2 28. Qb3 Bc8 29. c5+ Kg7 0-1

[Event "EU-ch rapid"]
[Site "Warsaw"]
[Date "2011.12.18"]
[Round "11"]
[White "Ladva, Ottomar"]
[Black "Fraczek, Daniel"]
[Result "1-0"]
[WhiteElo "2106"]
[BlackElo "2412"]
[PlyCount "79"]
[EventDate "2011.12.17"]
[EventType "swiss (rapid)"]
[EventRounds "13"]
[EventCountry "POL"]
[SourceTitle "CBM 145 Extra"]
[Source "ChessBase"]
[SourceDate "2012.01.03"]
[SourceVersion "1"]
[SourceVersionDate "2012.01.03"]
[SourceQuality "1"]

1. e4 e6 2. d4 d5 3. Nc3 Nf6 4. e5 Nfd7 5. f4 c5 6. Nf3 Nc6 7. Be3 a6 8. Qd2 cxd4 9. Nxd4 Bc5 10. Qf2 Nxd4 11. Bxd4 Qc7 12. Bd3 b5 13. 0-0 Bb7 14. a4 b4 15. Ne2 0-0 16. a5 Rab8 17. Kh1 Bxd4 18. Qxd4 Qc5 19. Qxc5 Nxc5 20. Nd4 f6 21. Rae1 Rbe8 22. Re3 Bc8 23. Kg1 Bd7 24. g3 Rc8 25. Rfe1 f5 26. Bf1 Ra8 27. c4 bxc3 28. Rxc3 Ne4 29. Rc7 Rf7 30. Rec1 h6 31. Rb7 g5 32. Rcc7 Rd8 33. Bxa6 gxf4 34. Bb5 fxg3 35. Rxd7 Rfxd7 36. Rxd7 gxh2+ 37. Kxh2 Ra8 38. b4 Nc3 39. Bc6 Rb8 40. a6 1-0

[Event "Legnica Voivoda Cup 27th"]
[Site "Legnica"]
[Date "2011.11.28"]
[Round "6"]
[White "Hunt, Adam"]
[Black "Fraczek, Daniel"]
[Result "1/2-1/2"]
[WhiteElo "2458"]
[BlackElo "2412"]
[PlyCount "74"]
[EventDate "2011.11.24"]
[EventType "tourn"]
[EventRounds "9"]
[EventCountry "POL"]
[EventCategory "9"]
[SourceTitle "CBM 145 Extra"]
[Source "ChessBase"]
[SourceDate "2012.01.03"]
[SourceVersion "1"]
[SourceVersionDate "2012.01.03"]
[SourceQuality "1"]

1. e4 e6 2. d4 d5 3. Nc3 Nf6 4. Bg5 Bb4 5. e5 h6 6. Bc1 Ne4 7. Qg4 g6 8. Nge2 c5 9. a3 Ba5 10. dxc5 Nc6 11. b4 Nxe5 12. Qh3 Bc7 13. Nxe4 dxe4 14. Nc3 f5 15. Bb2 Bd7 16. Nb5 Bxb5 17. Bxb5+ Kf7 18. Bxe5 Bxe5 19. Rd1 Qg5 20. Rd7+ Kf6 21. 0-0 Rab8 22. Rfd1 h5 23. Qb3 f4 24. Re1 e3 25. f3 h4 26. h3 Qg3 27. Re2 g5 28. Rd6 Bxd6 29. cxd6 g4 30. Qc3+ e5 31. Qc7 gxf3 32. Qe7+ Kg6 33. Bd3+ Kh6 34. Qf6+ Kh5 35. Qf7+ Kh6 36. Qf6+ Kh5 37. Qf7+ Kh6 1/2-1/2

[Event "Legnica Voivoda Cup 27th"]
[Site "Legnica"]
[Date "2011.11.25"]
[Round "3"]
[White "Kolosowski, Mateusz"]
[Black "Fraczek, Daniel"]
[Result "0-1"]
[WhiteElo "2435"]
[BlackElo "2412"]
[PlyCount "90"]
[EventDate "2011.11.24"]
[EventType "tourn"]
[EventRounds "9"]
[EventCountry "POL"]
[EventCategory "9"]
[SourceTitle "CBM 145 Extra"]
[Source "ChessBase"]
[SourceDate "2012.01.03"]
[SourceVersion "1"]
[SourceVersionDate "2012.01.03"]
[SourceQuality "1"]

1. e4 g6 2. d4 Bg7 3. Nc3 d6 4. Nf3 Nf6 5. Be2 0-0 6. 0-0 Nc6 7. d5 Nb8 8. Bg5 c6 9. Qd2 Bg4 10. Rfe1 Nbd7 11. dxc6 bxc6 12. Nd4 Rc8 13. f3 Be6 14. Nxe6 fxe6 15. Be3 Qc7 16. Bc4 d5 17. Bb3 Kh8 18. Bf2 Rce8 19. exd5 exd5 20. Re6 Nh5 21. Rae1 Rf7 22. Ba4 Nb8 23. Ne2 Bf6 24. Bd4 Ng7 25. Bxf6 Rxf6 26. Rxf6 exf6 27. Nd4 Re5 28. Re3 c5 29. Nb5 Qe7 30. Rxe5 Qxe5 31. Nxa7 Nf5 32. c3 Ne3 33. Bb5 d4 34. a4 Nd5 35. cxd4 cxd4 36. Bc4 Ne3 37. Bd3 Qc5 38. Nb5 Nc6 39. Kf2 Qg5 40. Kg1 Ne5 41. Be4 d3 42. h4 Qg3 43. Nd4 N5c4 44. Qf2 Qxf2+ 45. Kxf2 d2 0-1

[Event "POL-chT1"]
[Site "Mrzezyno"]
[Date "2011.09.11"]
[Round "9"]
[White "Marszalek, Maciej"]
[Black "Fraczek, Daniel"]
[Result "1/2-1/2"]
[WhiteElo "2340"]
[BlackElo "2391"]
[PlyCount "61"]
[EventDate "2011.09.03"]
[EventType "team-tourn"]
[EventRounds "9"]
[EventCountry "POL"]
[SourceTitle "CBM 144 Extra"]
[Source "ChessBase"]
[SourceDate "2011.10.28"]
[SourceVersion "1"]
[SourceVersionDate "2011.10.28"]
[SourceQuality "1"]
[WhiteTeam "Wroclaw WSB"]
[BlackTeam "Legnica Miedz"]
[WhiteTeamCountry "POL"]
[BlackTeamCountry "POL"]

1. Nf3 Nf6 2. d4 g6 3. g3 Bg7 4. Bg2 0-0 5. c4 d6 6. 0-0 Nbd7 7. Nc3 e5 8. dxe5 dxe5 9. Qc2 c6 10. Rd1 Qe7 11. h3 Nc5 12. e4 Nfd7 13. Bg5 Bf6 14. Be3 Ne6 15. Rd2 Ng5 16. Nxg5 Bxg5 17. Bxg5 Qxg5 18. Rad1 Nc5 19. Ne2 a5 20. Kh2 Qe7 21. Qc3 f6 22. Qa3 b6 23. Nc3 a4 24. Rd6 Qb7 25. Qb4 Qc7 26. Ne2 Be6 27. Nc3 Rfe8 28. Bf3 h5 29. h4 Kg7 30. R6d2 Re7 31. Ne2 1/2-1/2